01345cas a22003257ar450000500170000000800410001701000100005801100100006803500100007824501720008826001110026030000070037131000140037832100100039236200150040259000410041759000410045859000410049959000420054065000580058265000630064065000570070378000780076078500860083886600220092486600190094690100070096590500300097299900170100220220329142044.0990503d19711979es ar p rnn uub0spa d a77724 a78696 a8871300aAnales del Instituto Nacional de Investigaciones Agrarias :bSerie Protección Vegetalc/por Instituto Nacional de Investigaciones Agrarias. Ministerio de Agricultura0 aMadrid, España :bInstituto Nacional de Investigaciones Agrarias. Ministerio de Agricultura,c1971-1979. an. aSemestral aAnual an.11, 1979 aBATCH-UPDb10c20130110lUCH01h0531 aBATCH-UPDb10c20130410lUCH01h0211 aBATCH-UPDb10c20130914lUCH01h1042 aCONVERSIONb10c20130109lUCH01h134314aControl de plagasxPublicaciones periódicas.92759914aCultivosxEnfermedadesxPublicaciones periódicas.93026414aCultivosxPlagasxPublicaciones periódicas.930307 tAnales del Instituto Nacional de Investigaciones Agronómicas. 1960-1970 tAnales del Instituto Nacional de Investigaciones Agrarias. Serie Agrícola 1980- an.1-7 (1971-1977) an.11-12 (1979) aSE aMa. del Socorro Iturbe C. c77724d77724